[Event "Astana Open GM-norm 2018"]
[Site "Astana"]
[Date "2018.06.19"]
[Round "3"]
[White "Tair, Vahidov"]
[Black "Baurzhan, Kassimov"]
[Result "1/2-1/2"]
[WhiteElo "2405"]
[BlackElo "2386"]
[Annotator "NA"]
[PlyCount "50"]
[EventDate "2018.06.17"]
[EventType "tourn"]
[EventCountry "KAZ"]
[SourceTitle "playchess.com"]
[Source "ChessBase"]
[SourceQuality "1"]
[TimeControl "5400+30"]

1. d4 {[%emt 0:06:42]} Nf6 {[%emt 0:07:28]} 2. c4 {[%emt 0:02:19]} b6 {[%emt 0:00:30]} 3. Nc3 {[%emt 0:01:32]} Bb7 {[%emt 0:00:36]} 4. f3 {[%emt 0:09:44]} d5 {[%emt 0:01:03]} 5. cxd5 {[%emt 0:02:57]} Nxd5 {[%emt 0:02:09]} 6. e4 {[%emt 0:00:09]} Nxc3 {[%emt 0:00:22]} 7. bxc3 {[%emt 0:00:08]} e5 {[%emt 0:00:03]} 8. Be3 {[%emt 0:12:49]} Nd7 {[%emt 0:10:20]} 9. Bc4 {[%emt 0:04:31]} exd4 {[%emt 0:01:59]} 10. cxd4 {[%emt 0:01:24]} Bb4+ {[%emt 0:00:08]} 11. Kf2 {[%emt 0:04:02]} O-O {[%emt 0:05:01]} 12. Ne2 {[%emt 0:00:30]} c5 {[%emt 0:01:17]} 13. Bb5 {[%emt 0:29:47]} Qh4+ {[%emt 0:14:47]} 14. g3 {[%emt 0:04:05]} Qe7 {[%emt 0:00:16]} 15. Bxd7 {[%emt 0:00:35]} cxd4 {[%emt 0:01:31]} 16. Qxd4 {[%emt 0:05:21]} Rad8 {[%emt 0:00:46]} 17. Rhd1 {[%emt 0:07:32]} Bc8 {[%emt 0:00:29]} 18. Nf4 {[%emt 0:01:11]} Bc5 {[%emt 0:01:19]} 19. Qc3 {[%emt 0:01:24]} Bxe3+ {[%emt 0:00:44]} 20. Kxe3 {[%emt 0:01:02]} Rxd7 {[%emt 0:01:53]} 21. Rxd7 {[%emt 0:00:34]} Bxd7 {[%emt 0:00:59]} 22. Nd5 {[%emt 0:02:21]} Qd6 {[%emt 0:01:58]} 23. Rd1 {[%emt 0:00:50]} Qh6+ {[%emt 0:02:40]} 24. Nf4 {[%emt 0:00:10]} Be6 {[%emt 0:04:10]} 25. h4 {[%emt 0:00:03]} f6 {[%emt 0:12:16]} 1/2-1/2

[Event "Astana Open GM-norm 2018"]
[Site "Astana"]
[Date "2018.06.19"]
[Round "3"]
[White "Zhanibek, Amanov"]
[Black "Jakhongir, Vakhidov"]
[Result "0-1"]
[WhiteElo "2340"]
[BlackElo "2546"]
[Annotator "TA"]
[PlyCount "75"]
[EventDate "2018.06.17"]
[EventType "tourn"]
[EventCountry "KAZ"]
[SourceTitle "playchess.com"]
[Source "ChessBase"]
[SourceQuality "1"]

{[%evp 21,75,51,59,27,17,17,18,17,17,15,24,14,18,14,20,16,20,23,25,0,0,0,41,20,39,0,4,-15,-10,-31,-27,-29,-31,-56,-24,-29,-27,-31,-32,-22,-27,-50,-53,-55,-48,-43,-49,-42,0,0,0,0,0,0,0,-17]} 1. e4 c5 2. Nf3 Nc6 3. d4 cxd4 4. Nxd4 g6 5. c4 Bg7 6. Be3 Qb6 7. Nb3 {B38: Sicilian: Maroczy Bind with 5...Bg7 and 7...0-0} Qd8 8. Qd2 Nf6 9. f3 (9. Nc3 O-O 10. Be2 d6 11. O-O a5 12. Nd4 a4 13. Ndb5 Qa5 14. f3 Be6 {½-½ (22) Bacrot,E (2715)-Iturrizaga Bonelli,E (2662) Linares 2017}) 9... O-O 10. Nc3 d6 11. Be2 Be6 {LiveBook: 4 Games} 12. Nd5 Nd7 13. O-O a5 {[%cal Ba7a5,Ba5a4][%mdl 32]} 14. Rac1 a4 15. Nd4 $146 Bxd5 16. cxd5 Nxd4 17. Bxd4 Qa5 18. Rc3 Qb4 19. Bxg7 Kxg7 20. a3 Qb6+ 21. Kh1 Ra5 22. f4 f6 23. h4 Nc5 24. Bf3 Rb5 25. Rc2 Nb3 26. Qf2 Qxf2 27. Rfxf2 Rc5 28. Rxc5 Nxc5 $11 {[%mdl 4096] Endgame KRB-KRN} 29. Rd2 g5 30. g3 Nb3 31. Rc2 Nd4 32. Rc3 Nxf3 33. Rxf3 gxh4 34. gxh4 $15 {KR-KR} Rc8 {...Rc4 is the strong threat.} 35. Rc3 $1 {[%cal Rc3c8] The position is equal.} Rb8 36. Rc7 Kf7 37. Kg2 b5 38. Rc3 {[%mdl 32768] Precision: White = 36%, Black = 85%. . Loss on Time!?} 0-1

[Event "Astana Open GM-norm 2018"]
[Site "Astana"]
[Date "2018.06.19"]
[Round "3"]
[White "Arystanbek, Urazayev"]
[Black "Kazybek, Nogerbek"]
[Result "1/2-1/2"]
[WhiteElo "2303"]
[BlackElo "2293"]
[Annotator "NA"]
[PlyCount "95"]
[EventDate "2018.06.17"]
[EventType "tourn"]
[EventCountry "KAZ"]
[SourceTitle "playchess.com"]
[Source "ChessBase"]
[SourceQuality "1"]
[TimeControl "5400+30"]

1. e4 {[%emt 0:00:06]} e6 {[%emt 0:00:18]} 2. d4 {[%emt 0:00:12]} d5 {[%emt 0:00:07]} 3. Nd2 {[%emt 0:00:04]} Be7 {[%emt 0:00:11]} 4. Bd3 {[%emt 0:01:11]} c5 {[%emt 0:00:52]} 5. dxc5 {[%emt 0:00:16]} Nf6 {[%emt 0:00:07]} 6. Qe2 {[%emt 0:00:19]} O-O {[%emt 0:01:28]} 7. Ngf3 {[%emt 0:01:28]} a5 {[%emt 0:00:47]} 8. O-O {[%emt 0:00:49]} Na6 {[%emt 0:00:29]} 9. e5 {[%emt 0:00:40]} Nd7 {[%emt 0:00:24]} 10. Nd4 {[%emt 0:00:23]} Ndxc5 {[%emt 0:02:28]} 11. f4 {[%emt 0:00:16]} Nxd3 {[%emt 0:01:59]} 12. cxd3 {[%emt 0:00:13]} Nb4 {[%emt 0:02:58]} 13. N2f3 {[%emt 0:02:17]} Qb6 {[%emt 0:02:14]} 14. Be3 {[%emt 0:03:58]} Qa6 {[%emt 0:00:44]} 15. Rfd1 {[%emt 0:01:47]} Bd7 {[%emt 0:01:14]} 16. a3 {[%emt 0:03:31]} Nc6 {[%emt 0:00:57]} 17. Rac1 {[%emt 0:01:45]} Rfc8 {[%emt 0:03:59]} 18. g4 {[%emt 0:06:49]} Nxd4 {[%emt 0:03:59]} 19. Nxd4 {[%emt 0:00:44]} Ba4 {[%emt 0:19:02]} 20. Rf1 {[%emt 0:05:49]} Bb5 {[%emt 0:03:27]} 21. Rcd1 {[%emt 0:04:47]} Bc5 {[%emt 0:03:21]} 22. f5 {[%emt 0:06:32]} exf5 {[%emt 0:01:26]} 23. gxf5 {[%emt 0:02:39]} Re8 {[%emt 0:05:00]} 24. Nxb5 {[%emt 0:07:09]} Qxb5 {[%emt 0:03:04]} 25. Bxc5 {[%emt 0:02:12]} Qxc5+ {[%emt 0:00:07]} 26. d4 {[%emt 0:00:13]} Qe7 {[%emt 0:05:00]} 27. Qg2 {[%emt 0:03:49]} Qh4 {[%emt 0:02:56]} 28. f6 {[%emt 0:06:45]} g6 {[%emt 0:01:40]} 29. Rf3 {[%emt 0:05:57]} Rac8 {[%emt 0:02:16]} 30. Rg3 {[%emt 0:09:29]} Qf4 {[%emt 0:04:04]} 31. Rf3 {[%emt 0:05:50]} Qh4 {[%emt 0:02:05]} 32. Rg3 {[%emt 0:04:52]} Qf4 {[%emt 0:00:18]} 33. Qd2 {[%emt 0:00:35]} Qh4 {[%emt 0:06:30]} 34. Qg2 {[%emt 0:05:14]} Qf4 {[%emt 0:00:22]} 35. Rf3 {[%emt 0:01:23]} Qh4 {[%emt 0:00:37]} 36. Rc3 {[%emt 0:00:46]} b5 {[%emt 0:03:59]} 37. Kh1 {[%emt 0:02:14]} Rxc3 {[%emt 0:01:42]} 38. bxc3 {[%emt 0:00:06]} Rd8 {[%emt 0:00:20]} 39. Qf3 {[%emt 0:01:12]} Qg5 {[%emt 0:02:21]} 40. Rg1 {[%emt 0:02:50]} Qd2 {[%emt 0:01:05]} 41. e6 {[%emt 0:00:48]} fxe6 {[%emt 0:02:36]} 42. f7+ {[%emt 0:00:05]} Kg7 {[%emt 0:00:19]} 43. Rf1 {[%emt 0:00:33]} Rf8 {[%emt 0:00:07]} 44. Qf6+ {[%emt 0:00:22]} Kh6 {[%emt 0:00:07]} 45. Qh4+ {[%emt 0:01:06]} Kg7 {[%emt 0:00:21]} 46. Qf6+ {[%emt 0:00:09]} Kh6 {[%emt 0:00:05]} 47. Qh4+ {[%emt 0:00:27]} Kg7 {[%emt 0:00:07]} 48. Qf6+ {[%emt 0:00:04]} 1/2-1/2

[Event "Astana Open GM-norm 2018"]
[Site "Astana"]
[Date "2018.06.19"]
[Round "3"]
[White "Gulmira, Dauletova"]
[Black "Ivan, Bocharov"]
[Result "0-1"]
[WhiteElo "2273"]
[BlackElo "2569"]
[Annotator "TA"]
[PlyCount "132"]
[EventDate "2018.06.17"]
[EventType "tourn"]
[EventCountry "KAZ"]
[SourceTitle "playchess.com"]
[Source "ChessBase"]
[SourceQuality "1"]

{[%evp 33,132,18,24,16,35,25,29,24,32,32,51,16,18,6,2,0,41,33,30,5,42,34,18,18,18,29,20,0,0,-29,-16,-49,-62,-91,-70,-148,-21,-20,0,0,0,0,0,0,0,-85,-89,-81,-87,-216,0,0,9,0,0,0,41,49,44,29,45,40,39,-165,-165,-165,-76,-76,-76,-108,-115,-115,-22,-22,-22,-145,-37,-166,-166,-201,-69,-992,-924,-778,-499,-29971,-29972,-29975,-29976,-29976,-29977,-29983,-29984,-29989,-29990,-29990,-29991,-29991,-29992,-29992,-29993]} 1. e4 e5 2. Nf3 Nc6 3. Bb5 a6 4. Ba4 Nf6 5. O-O Be7 6. Re1 b5 7. Bb3 d6 8. c3 O-O 9. h3 Bb7 10. d4 Re8 11. Ng5 Rf8 12. Nf3 Nd7 13. Nbd2 exd4 {C92: Spanische Partie (Tschigorin-Variante)} 14. cxd4 Bf6 15. Nf1 Na5 16. Bc2 Re8 17. Ng3 (17. Ne3 Bxe4 18. Bd2 Bxc2 19. Qxc2 Nc4 20. Nxc4 Rxe1+ 21. Rxe1 bxc4 22. Qxc4 {½-½ (60) Shankland,S (2671)-Bu,X (2725) Liaocheng 2018}) 17... g6 $1 {LiveBook: 71 Partien} 18. Rb1 c5 19. d5 Nc4 20. b3 Nce5 21. Nh2 Bh4 $146 22. Nhf1 {Mit der Idee f4.} Nb6 23. f4 Ned7 24. Bb2 Bf6 25. Bxf6 Qxf6 26. Qf3 c4 27. Ne3 cxb3 28. axb3 Rac8 29. Rbd1 Qh4 30. Rf1 b4 31. Ne2 a5 32. Nd4 Ba6 $1 33. Rfe1 Rc3 34. Nc6 (34. Qg4 $15 Qf6 35. Qg5) 34... Nc5 (34... f5 $1 $17 35. exf5 g5) 35. Nxa5 $11 Bd3 36. Bxd3 Rxd3 (36... Nxd3 $5 37. Rf1 $8 f5 $11) 37. g3 Qxh3 38. Rxd3 Nxd3 39. Rd1 (39. Re2 $1 $11 {hält das Gleichgewicht.}) 39... Nc5 $17 40. e5 dxe5 41. Ng4 (41. Qg4 $17 {war nötig.} Qxg4 42. Nxg4) 41... Ne4 $2 (41... e4 $1 $19 {[%cal Re4f3]} 42. Nf2 Qc8) 42. fxe5 $11 h5 43. Nh6+ Kg7 44. Nxf7 {Und weiter mit e6 wäre nett.} Qxg3+ 45. Qxg3 Nxg3 46. e6 Ne2+ 47. Kh2 Nc3 48. d6 $2 (48. Re1 $14 {behält die Oberhand.} Nbxd5 49. Nd6) 48... Nxd1 $19 49. d7 {[#]} Nxd7 $1 50. exd7 $17 Kxf7 51. dxe8=Q+ Kxe8 $19 {[%mdl 4096] Endspiel KS-KS} 52. Nc6 Ne3 (52... Nc3 $17 {Weiss muss nun ...Sa2 beachten.} 53. Nxb4 Kd7) 53. Nxb4 $11 Ke7 {Droht ...g5 und aus.} 54. Kg3 (54. Na2 $11 {bleibt in der Remisbreite.}) 54... g5 (54... Ke6 $1 $17 {...g5 ist eine echte Drohung.} 55. Kf3 Nd5) 55. Nc6+ {[#]} ({Besser ist} 55. Kf3 $15) 55... Kd6 $1 $19 56. Nd4 {[#]} Kd5 ({Günstiger ist} 56... Ke5 $1 $19 57. Nf3+ Kf6) 57. Nf3 $2 {[%mdl 8192]} (57. Ne2 $15) 57... Nf5+ 58. Kg2 g4 59. Nd2 (59. Ne1 $19 h4 60. b4) 59... h4 {[%cal Bh5h4,Bh4h3][%mdl 32] Schwarz setzt Matt.} 60. b4 Nd4 61. Kf2 Ke5 62. Nc4+ Kf4 63. Nd6 h3 64. b5 g3+ {[%cal Bg4g3,Bg3g2][%mdl 32]} 65. Kf1 g2+ 66. Kf2 Nf3 {Precision: Weiß = 32%, Schwarz = 48%.} 0-1

[Event "Astana Open GM-norm 2018"]
[Site "Astana"]
[Date "2018.06.20"]
[Round "4"]
[White "Ivan, Bocharov"]
[Black "Kirill, Kuderinov"]
[Result "1/2-1/2"]
[WhiteElo "2569"]
[BlackElo "2455"]
[Annotator "TA"]
[PlyCount "111"]
[EventDate "2018.06.17"]
[EventType "tourn"]
[EventCountry "KAZ"]
[SourceTitle "playchess.com"]
[Source "ChessBase"]
[SourceQuality "1"]

{[%evp 9,111,69,77,62,72,68,81,72,137,113,162,146,200,153,157,166,157,149,154,155,145,160,163,138,133,101,92,87,93,104,100,110,142,141,171,135,218,218,201,192,214,206,183,170,336,310,444,438,481,489,483,357,380,283,511,537,684,653,812,810,817,807,933,1168,1087,1095,678,340,340,340,318,317,276,190,225,0,0,0,0,0,0,0,0,0,0,0,0,0,0,0,0,0,0,0,0,0,0,0,0,0,0,0,0,0]} 1. e4 {[%cal Be2e4,Be4e5][%mdl 32]} g6 2. d4 Bg7 3. Nc3 d6 {[%cal Bd7d6,Bd6d5][%mdl 32]} 4. f4 d5 (4... Nf6 5. Nf3 c5 6. Bb5+ Bd7 7. e5 Ng4 8. e6 Bxb5 9. exf7+ Kf8 10. Nxb5 Qa5+ 11. Nc3 cxd4 12. Nxd4 Kxf7 13. Qxg4 Bxd4 14. Bd2 Qf5 15. Qxf5+ gxf5 16. Nb5 Bb6 17. O-O-O Nd7 {½-½ (38) Nakamura,H (2769)-Carlsen,M (2843) Stavanger 2018}) 5. e5 Nh6 6. Nf3 {B06: Modern Defence} O-O $146 ({Predecessor:} 6... f6 7. Be3 Bg4 8. Be2 O-O 9. O-O Nf5 10. Bf2 Bh6 11. Nh4 Bxe2 12. Qxe2 Bxf4 13. Nxf5 gxf5 14. exf6 exf6 {1-0 (22) Martinez Alfonso,J (2187)-Vila Seuba,J (2166) Vilafranca del Penedes 2017}) 7. Be3 f6 8. Qd2 {White is better.} Nf5 (8... Bg4 $142) 9. Bf2 $1 $16 fxe5 10. dxe5 e6 (10... d4 $16) 11. g4 {[%cal Bg2g4,Bg4g5][%mdl 32]} Nh6 12. g5 Nf5 13. O-O-O Nc6 14. h4 b6 15. h5 Bb7 16. Bd3 Nce7 17. hxg6 hxg6 18. Nh2 {[%cal Bf3h2,Bh2g4,Bg4f6][%mdl 32]} Kf7 19. Ng4 Rh8 20. Nf6 a6 21. a4 {[%cal Ba2a4,Ba4a5][%mdl 32]} Bc6 {[#]} 22. a5 $1 {[%mdl 512]} Bb5 (22... d4 $16 {is a better defense.} 23. Nce4 Rb8 24. Rxh8 Qxh8 25. axb6 (25. Bxa6 Ra8 $11) 25... Rxb6) (22... bxa5 23. Bc5) 23. Rxh8 $18 Bxh8 24. axb6 {Hoping for b7.} (24. Bxb5 $6 axb5 25. Nxb5 Rxa5 $14) 24... cxb6 25. Nxb5 axb5 {[%cal Ra8a1]} 26. Qb4 Ra1+ (26... d4 $142 27. Kd2 (27. Qxb5 Ra5 $16) (27. Bxb5 Bxf6 28. gxf6 Ra1+ 29. Kd2 Nd5 $11) 27... Bxf6 28. gxf6 Qd5) 27. Kd2 Ra4 (27... Ra8 $142 28. Bxb5 Qc7) 28. Qxb5 Rxf4 29. Bxb6 Qb8 {Black hopes to continue with ...Nd4.} 30. Rh1 Rh4 31. Rf1 Rh2+ $2 (31... Qc8 32. Bc5 Qc6) 32. Kc1 Qc8 33. Bc5 Nc6 34. Qb6 Bxf6 35. exf6 ({Less strong is} 35. gxf6 Nxe5 36. Bb5 Rh7 $16) 35... Ne5 36. Qa7+ Nd7 37. Bb5 Rxc2+ 38. Kxc2 Nd4+ 39. Kb1 Nxb5 40. Qa5 Qxc5 {[#]} 41. Rh1 $1 {[%cal Rh1h7] Intending Rh7+ and mate.} e5 {[#]} 42. Rh7+ $2 (42. Qa6 $1 $18 {White wants to mate with Rh7+.} Nf8 43. Qb7+ Ke6 44. Rf1 (44. Rc1 Qb4 $11)) 42... Ke6 $11 {The position is equal.} 43. Qa6+ Kf5 $1 44. Rxd7 {[%mdl 4096] Endgame KQR-KQN} Qc4 $1 {[%cal Rc4f1]} 45. f7 Qd3+ 46. Ka1 Qf1+ 47. Ka2 Qc4+ 48. Ka1 Qf1+ 49. Ka2 Nc3+ 50. Kb3 Qxa6 51. f8=Q+ Ke4 {And now ...Qc4+ would win.} 52. bxc3 Qc4+ 53. Kb2 Qe2+ 54. Ka3 Qa6+ 55. Kb2 Qe2+ 56. Ka3 {Precision: White = 67%, Black = 42%.} 1/2-1/2

[Event "Astana Open GM-norm 2018"]
[Site "Astana"]
[Date "2018.06.20"]
[Round "4"]
[White "Jakhongir, Vakhidov"]
[Black "Gulmira, Dauletova"]
[Result "1/2-1/2"]
[WhiteElo "2546"]
[BlackElo "2273"]
[Annotator "TA"]
[PlyCount "144"]
[EventDate "2018.06.17"]
[EventType "tourn"]
[EventCountry "KAZ"]
[SourceTitle "playchess.com"]
[Source "ChessBase"]
[SourceQuality "1"]

{[%evp 14,144,8,16,6,13,18,-16,-20,-22,-29,-32,0,-36,-41,-10,-28,-25,15,19,13,8,0,17,18,10,6,11,11,4,0,0,19,17,24,22,14,5,15,8,8,0,0,0,20,0,0,0,100,93,90,109,92,89,94,94,101,114,112,103,106,113,102,124,117,87,114,79,91,99,109,22,45,8,8,8,8,8,8,8,8,8,8,0,8,8,8,8,8,8,508,470,730,8,8,8,8,8,8,0,0,0,8,8,8,8,8,8,8,8,8,8,8,8,8,8,8,8,8,8,8,8,8,8,8,8,8,8,8,8,8,8,8]} 1. c4 e5 2. Nc3 Nf6 3. Nf3 Nc6 4. e3 Bb4 5. Qc2 Bxc3 6. Qxc3 Qe7 7. b3 {A28: English Opening: Four Knights Variation} d5 (7... O-O 8. Bb2 Re8 9. a3 a5 10. h3 b6 11. Be2 Bb7 12. O-O d5 13. cxd5 Nxd5 14. Qc2 e4 {1-0 (41) Caruana,F (2822)-Karjakin,S (2782) Stavanger 2018}) 8. d4 {[%cal Rf3e5] LiveBook: 4 Games} Ne4 9. Qb2 $1 Be6 10. cxd5 Bxd5 11. dxe5 O-O-O 12. Be2 $1 g5 $146 {[%cal Bg7g5,Bg5g4][%mdl 32]} (12... Qb4+ {feels hotter.} 13. Nd2 Rhe8 14. O-O Nc3 15. Bc4 Nxe5 16. a3 Qa5) ({Predecessor:} 12... Ng5 13. e4 Nxe4 14. O-O Rhe8 {1-0 (40) Harutyunian,T (2488)-Kozionov,K (2423) Moscow 2018}) 13. O-O {Strongly threatening Nd4.} g4 14. Nd4 Nxe5 15. Qa3 $1 {[%cal Ra3e7]} Qxa3 (15... c5 {keeps more tension.} 16. Nf5 Qe6 17. Ng3 Kb8 18. Bb2 Rhg8) 16. Bxa3 Nc3 17. Bb2 Nxe2+ 18. Nxe2 Rhe8 19. Rfd1 Be4 20. Rxd8+ Kxd8 21. Rd1+ Kc8 22. Nc3 Nd3 23. Nxe4 Nxb2 $11 {[%mdl 4096] Endgame KRN-KRN} 24. Rd4 Rd8 $1 25. Nf6 c5 26. Rxd8+ Kxd8 27. Nxg4 {KN-KN} Nd3 $1 28. Nf6 Nc1 $1 29. Ne4 Nxa2 30. Nxc5 b6 (30... Nc1 $1 $11 {keeps the balance.}) 31. Nd3 $16 Nc3 32. Kf1 Kd7 33. Ke1 Kd6 34. Kd2 Ne4+ 35. Kc2 a5 36. f3 Nf6 37. e4 Nd7 38. Kc3 b5 39. h4 f6 40. Nf4 Nb6 41. Kd4 a4 {[#]} 42. bxa4 ({White should play} 42. b4 $1 $16) 42... bxa4 $11 43. Kc3 f5 44. exf5 {Hoping for g4.} Ke5 45. Nd3+ (45. g3 {looks sharper.} Kxf5 46. Ne2 Nd5+ 47. Kc4 Ne3+ 48. Kd3) 45... Kxf5 46. g4+ Ke6 47. Kb4 {With the idea Nf4+.} Kd5 48. Ne1 Ke5 49. Ng2 a3 50. Kxa3 Nc4+ 51. Kb4 Nd2 $2 {[%mdl 8192]} (51... Kd4 $1 $11 {and Black is okay.}) 52. f4+ $18 Ke4 {[#]} (52... Kd5 $142 53. g5 Kd4) 53. Kc3 $2 (53. Kc5 $1 $18 Kf3 54. g5) 53... Nf3 $11 {The position is equal.} 54. h5 Nd4 55. Kc4 Ne6 56. f5 Ng5 57. f6 Ke5 (57... Kf3 {seems wilder.} 58. Ne1+ Kxg4 59. Kd4 Kf5 60. Ke3 Kxf6 61. Kf4 Ne6+) 58. Kd3 Kxf6 59. Ke3 Ke5 60. Nh4 Ne6 61. Nf3+ Kf6 $1 62. Kf2 h6 63. Kg3 Nc5 64. Kh4 {next Nd4 is good for White.} Ne6 65. Nd2 Ke5 66. Kg3 Kf6 67. Nc4 Ng7 68. Kh4 Ne6 69. Ne3 {And now Nf5 would win.} Nd4 70. Nd5+ Ke6 71. Nf4+ Kf6 72. Kg3 Kg5 {Precision: White = 62%, Black = 68%.} 1/2-1/2

[Event "Astana Open GM-norm 2018"]
[Site "Astana"]
[Date "2018.06.20"]
[Round "4"]
[White "Baurzhan, Kassimov"]
[Black "Vitaly, Sivuk"]
[Result "1/2-1/2"]
[WhiteElo "2386"]
[BlackElo "2526"]
[Annotator "TA"]
[PlyCount "26"]
[EventDate "2018.06.17"]
[EventType "tourn"]
[EventCountry "KAZ"]
[SourceTitle "playchess.com"]
[Source "ChessBase"]
[SourceQuality "1"]

{[%evp 12,26,31,33,32,0,0,0,6,-14,0,-15,-12,-44,-10,-8,-8]} 1. e4 c5 2. Nf3 e6 3. g3 Nc6 4. Bg2 e5 5. O-O Nf6 6. Nc3 {B40: Sicilian: 2...e6, Unusual lines} d6 {[%cal Bd7d6,Bd6d5][%mdl 32]} 7. d3 {LiveBook: 4 Games} Be7 8. Nh4 {White is slightly better.} O-O 9. h3 Re8 $146 ({Predecessor:} 9... Nd4 10. Ne2 Ne8 11. Nxd4 cxd4 12. Nf5 Bg5 {0-1 (36) Anand,V (2793)-Giri,A (2768) London 2014}) 10. Kh2 Nd4 11. Ne2 d5 12. c3 Nxe2 13. Qxe2 Be6 1/2-1/2

[Event "Astana Open GM-norm 2018"]
[Site "Astana"]
[Date "2018.06.20"]
[Round "4"]
[White "Kazybek, Nogerbek"]
[Black "Zhanibek, Amanov"]
[Result "1/2-1/2"]
[WhiteElo "2293"]
[BlackElo "2340"]
[Annotator "NA"]
[PlyCount "111"]
[EventDate "2018.06.17"]
[EventType "tourn"]
[EventCountry "KAZ"]
[SourceTitle "playchess.com"]
[Source "ChessBase"]
[SourceQuality "1"]
[TimeControl "5400+30"]

1. e4 {[%emt 0:00:03]} e5 {[%emt 0:00:24]} 2. Nf3 {[%emt 0:00:06]} Nc6 {[%emt 0:00:04]} 3. d4 {[%emt 0:00:09]} exd4 {[%emt 0:00:46]} 4. Nxd4 {[%emt 0:00:07]} Qf6 {[%emt 0:00:13]} 5. Be3 {[%emt 0:01:26]} Bc5 {[%emt 0:00:17]} 6. c3 {[%emt 0:00:10]} Nge7 {[%emt 0:00:10]} 7. Bc4 {[%emt 0:00:52]} O-O {[%emt 0:00:27]} 8. O-O {[%emt 0:00:16]} b6 {[%emt 0:00:19]} 9. Nxc6 {[%emt 0:04:34]} Qxc6 {[%emt 0:00:37]} 10. Bxc5 {[%emt 0:01:39]} bxc5 {[%emt 0:02:41]} 11. Re1 {[%emt 0:02:47]} Rb8 {[%emt 0:02:09]} 12. b3 {[%emt 0:02:21]} d6 {[%emt 0:03:53]} 13. Nd2 {[%emt 0:03:04]} a5 {[%emt 0:04:44]} 14. f4 {[%emt 0:07:44]} Bb7 {[%emt 0:08:45]} 15. Qh5 {[%emt 0:02:48]} Rbd8 {[%emt 0:04:58]} 16. Nf3 {[%emt 0:03:03]} d5 {[%emt 0:03:41]} 17. exd5 {[%emt 0:00:27]} Nxd5 {[%emt 0:00:01]} 18. Rad1 {[%emt 0:00:35]} g6 {[%emt 0:06:06]} 19. Qh6 {[%emt 0:05:51]} Qf6 {[%emt 0:11:32]} 20. Ng5 {[%emt 0:02:16]} Qg7 {[%emt 0:00:06]} 21. Qxg7+ {[%emt 0:00:06]} Kxg7 {[%emt 0:00:01]} 22. Bxd5 {[%emt 0:01:06]} Rxd5 {[%emt 0:00:25]} 23. Rxd5 {[%emt 0:01:04]} Bxd5 {[%emt 0:00:54]} 24. c4 {[%emt 0:01:07]} h6 {[%emt 0:01:22]} 25. cxd5 {[%emt 0:00:06]} hxg5 {[%emt 0:00:01]} 26. fxg5 {[%emt 0:00:27]} Rd8 {[%emt 0:14:55]} 27. Re5 {[%emt 0:01:09]} a4 {[%emt 0:03:39]} 28. Kf2 {[%emt 0:07:16]} axb3 {[%emt 0:02:50]} 29. axb3 {[%emt 0:00:05]} Rb8 {[%emt 0:02:35]} 30. Re3 {[%emt 0:01:04]} Rd8 {[%emt 0:02:09]} 31. Rd3 {[%emt 0:00:10]} Kf8 {[%emt 0:00:09]} 32. Ke2 {[%emt 0:01:39]} Ke7 {[%emt 0:02:25]} 33. h4 {[%emt 0:06:39]} Kd6 {[%emt 0:05:35]} 34. Rf3 {[%emt 0:09:39]} Ke7 {[%emt 0:03:38]} 35. Re3+ {[%emt 0:01:21]} Kd6 {[%emt 0:02:21]} 36. g3 {[%emt 0:03:38]} Rb8 {[%emt 0:02:13]} 37. Rf3 {[%emt 0:02:39]} Ke7 {[%emt 0:01:03]} 38. Kd2 {[%emt 0:02:12]} Rb4 {[%emt 0:00:49]} 39. Kc3 {[%emt 0:00:49]} Rd4 {[%emt 0:01:32]} 40. Rf6 {[%emt 0:01:59]} Rxd5 {[%emt 0:02:40]} 41. Kc4 {[%emt 0:02:36]} Rd4+ {[%emt 0:00:14]} 42. Kxc5 {[%emt 0:00:05]} Rd3 {[%emt 0:00:04]} 43. b4 {[%emt 0:00:46]} Rxg3 {[%emt 0:03:12]} 44. Rf4 {[%emt 0:01:59]} Rc3+ {[%emt 0:02:12]} 45. Kb5 {[%emt 0:00:25]} Rc1 {[%emt 0:03:17]} 46. Ka6 {[%emt 0:00:26]} Rc3 {[%emt 0:00:48]} 47. Kb7 {[%emt 0:00:28]} c6 {[%emt 0:00:08]} 48. Kc7 {[%emt 0:00:13]} Rc1 {[%emt 0:00:53]} 49. Rd4 {[%emt 0:03:57]} Rc3 {[%emt 0:00:21]} 50. Re4+ {[%emt 0:01:02]} Kf8 {[%emt 0:00:02]} 51. Kd7 {[%emt 0:00:24]} Rc1 {[%emt 0:00:18]} 52. Rf4 {[%emt 0:00:23]} Rc3 {[%emt 0:00:08]} 53. Re4 {[%emt 0:03:21]} Rc1 {[%emt 0:00:07]} 54. Kd6 {[%emt 0:00:07]} Rc3 {[%emt 0:00:12]} 55. Ke5 {[%emt 0:00:48]} c5 {[%emt 0:00:27]} 56. bxc5 {[%emt 0:00:33]} 1/2-1/2

[Event "Astana Open GM-norm 2018"]
[Site "Astana"]
[Date "2018.06.21"]
[Round "5"]
[White "Vitaly, Sivuk"]
[Black "Ivan, Bocharov"]
[Result "1-0"]
[WhiteElo "2526"]
[BlackElo "2569"]
[Annotator "TA"]
[PlyCount "32"]
[EventDate "2018.06.17"]
[EventType "tourn"]
[EventCountry "KAZ"]
[SourceTitle "playchess.com"]
[Source "ChessBase"]
[SourceQuality "1"]

{[%evp 22,32,23,6,19,6,23,18,35,6,38,51,68]} 1. e4 e5 2. Nf3 Nc6 3. Bc4 Bc5 4. O-O Nf6 5. d3 d6 6. c3 a6 7. a4 O-O 8. h3 {C54: Giuoco Piano: 4 c3 Nf6, main lines with 5 d4 and 5 d3} Ba7 9. Re1 Ne7 10. Bb3 (10. Nbd2 Ng6 11. Nf1 Be6 12. Bxe6 fxe6 13. Ng3 h6 14. d4 Nd7 15. Be3 Qe7 16. a5 Kh7 17. Nd2 Rf7 18. Nc4 {½-½ (57) Caruana,F (2822)-Nakamura,H (2769) Stavanger 2018}) 10... Ng6 11. d4 h6 12. Nbd2 {[%cal Bb1d2,Bd2f1,Bf1e3,Be3f5][%mdl 32] LiveBook: 14 Games} Re8 13. Bc2 Nh5 14. Nf1 {[#]} Qf6 $146 ({Predecessor:} 14... Nhf4) 15. Ne3 Nhf4 16. Nf5 Ne6 1-0

[Event "Astana Open GM-norm 2018"]
[Site "Astana"]
[Date "2018.06.21"]
[Round "5"]
[White "Kirill, Kuderinov"]
[Black "Jakhongir, Vakhidov"]
[Result "0-1"]
[WhiteElo "2455"]
[BlackElo "2546"]
[Annotator "TA"]
[PlyCount "34"]
[EventDate "2018.06.17"]
[EventType "tourn"]
[EventCountry "KAZ"]
[SourceTitle "playchess.com"]
[Source "ChessBase"]
[SourceQuality "1"]

{[%evp 24,34,9,11,18,14,13,-15,-11,-5,-4,-14,-18]} 1. e4 c5 2. Nf3 g6 3. d4 cxd4 4. Nxd4 Bg7 5. Nc3 Nc6 6. Be3 Nf6 7. Bc4 O-O 8. Bb3 d5 9. exd5 {B35: Sicilian: Accelerated Dragon with 5 Nc3: main line} Na5 10. O-O Nxb3 11. Nxb3 b6 12. Qd2 (12. d6 e6 13. Qf3 Rb8 14. Rfd1 Bb7 15. Qh3 Rc8 16. Bd4 Nd5 17. Nxd5 Bxd5 18. Bxg7 Kxg7 {1-0 (34) Vachier Lagrave,M (2796)-Gelfand,B (2719) Palma de Mallorca 2017}) 12... Bb7 13. Rad1 {LiveBook: 5 Games. The position is equal.} Qc7 14. Bf4 Qc4 15. Bh6 Rad8 {[%cal Rf6d5]} 16. Bxg7 Kxg7 {[#]} 17. Qg5 $146 Nxd5 {[%mdl 32768] Loss on Time!?} 0-1